| 000 | 00555nmm a2200193Ia 4500 | ||
|---|---|---|---|
| 008 | 251105s9999||||xx |||||||||||||||||und|| | ||
| 020 | _a9788417167806 | ||
| 041 | _aspa | ||
| 100 | _aGraham, Winston | ||
| 245 | 0 | _aDemelza (Serie Poldark # 2) | |
| 264 |
_a[Madrid, España] : _bRoca Editorial, _c[Fecha de publicación no identificada] |
||
| 300 | _a0 páginas | ||
| 490 | _aSerie Poldark | ||
| 650 | _aRomance | ||
| 700 | _aGraham, Winston | ||
| 700 | 1 | _a Leal, Aníbal | |
| 856 | _uhttps://public.digitaliapublishing.com/a/82096 | ||
| 942 | _cCF | ||
| 999 |
_c66441 _d66441 |
||